[Event "IBCA World-chT blind 9th"]
[Site "Ohrid"]
[Date "2022.06.29"]
[Round "2.2"]
[White "Antonini, Franco"]
[Black "Soundarya, Kumar Pradhan"]
[Result "1/2-1/2"]
[WhiteElo "2082"]
[BlackElo "1782"]
[PlyCount "113"]
[EventDate "2022.06.28"]
[EventType "team-swiss"]
[EventRounds "9"]
[EventCountry "MKD"]
[SourceTitle "EXT 2024"]
[Source "ChessBase"]
[SourceDate "2023.10.10"]
[SourceVersion "1"]
[SourceVersionDate "2023.10.10"]
[SourceQuality "1"]
[WhiteTeam "Italy"]
[BlackTeam "India"]
[WhiteTeamCountry "ITA"]
[BlackTeamCountry "IND"]

1. e4 e6 2. d4 d5 3. exd5 exd5 4. Bd3 c5 5. dxc5 Bxc5 6. Nc3 Nf6 7. Bg5 0-0 8. h3 Nc6 9. Nge2 Be6 10. 0-0 Rc8 11. Nf4 h6 12. Bxf6 Qxf6 13. Nfxd5 Bxd5 14. Nxd5 Qxb2 15. Rb1 Qxa2 16. Nf6+ Kh8 17. Nd7 b6 18. Nxf8 Rxf8 19. Qh5 Qe6 20. Rbe1 Qd7 21. Rd1 Qe6 22. Rde1 Qd7 23. Rd1 Qe6 24. Bf5 Qe5 25. Qg4 Nd4 26. Bd3 f5 27. Qh5 Bd6 28. g3 Qd5 29. f4 Bc5 30. Kh2 Kh7 31. Rd2 Bb4 32. Rdf2 Bc3 33. g4 g6 34. Qh4 a5 35. Qe7+ Rf7 36. Qe8 Qd7 37. Qxd7 Rxd7 38. gxf5 gxf5 39. Rb1 b5 40. Rxb5 Nxb5 41. Bxf5+ Kg7 42. Bxd7 Nd4 43. Kg3 Be1 44. c4 Kf6 45. Kg2 Bxf2 46. Kxf2 Ke7 47. Ke3 Nc2+ 48. Kd2 Na3 49. Bb5 Ke6 50. Kc3 Kf5 51. Kb2 Nxc4+ 52. Bxc4 Kxf4 53. Ka3 h5 54. Ka4 Ke5 55. Kxa5 Kf6 56. Kb6 Kg7 57. Kc7 1/2-1/2

[Event "Madurai Athens of the East op 1st"]
[Site "Madurai"]
[Date "2019.08.11"]
[Round "1"]
[White "Soundarya, Kumar Pradhan"]
[Black "Smirnov, Pavel"]
[Result "0-1"]
[WhiteElo "1831"]
[BlackElo "2574"]
[PlyCount "34"]
[EventDate "2019.08.11"]
[EventType "swiss"]
[EventRounds "10"]
[EventCountry "IND"]
[SourceTitle "CBM 191 Extra"]
[Source "ChessBase"]
[SourceDate "2019.09.30"]
[SourceVersion "1"]
[SourceVersionDate "2019.09.30"]
[SourceQuality "1"]

1. d4 Nf6 2. c4 c6 3. Nf3 d5 4. Nc3 e6 5. cxd5 exd5 6. Bg5 h6 7. Bxf6 Qxf6 8. e3 Bd6 9. h3 Bf5 10. Bd3 Nd7 11. Bxf5 Qxf5 12. Rb1 Qe6 13. 0-0 0-0 14. b4 a6 15. Qa4 Qe7 16. Nxd5 cxd5 17. Qa5 Nb8 0-1

[Event "IBCA Wch Blind and Visually imp U22"]
[Site "Solec Zdroj"]
[Date "2018.08.23"]
[Round "9.2"]
[White "Soundarya, Kumar Pradhan"]
[Black "Garanin, Danil"]
[Result "1-0"]
[WhiteElo "1808"]
[BlackElo "1565"]
[PlyCount "63"]
[EventDate "2018.08.14"]
[EventType "swiss"]
[EventRounds "9"]
[EventCountry "POL"]
[SourceTitle "EXT 2024"]
[Source "ChessBase"]
[SourceDate "2023.10.10"]
[SourceVersion "1"]
[SourceVersionDate "2023.10.10"]
[SourceQuality "1"]

1. d4 g6 2. Nf3 f5 3. g3 Bg7 4. Bg2 Nf6 5. 0-0 0-0 6. Nbd2 d6 7. Re1 c6 8. e4 fxe4 9. Nxe4 Nxe4 10. Rxe4 Bf5 11. Re1 h6 12. Nh4 e5 13. Nxf5 gxf5 14. dxe5 dxe5 15. Qxd8 Rxd8 16. Bh3 Rf8 17. Bd2 e4 18. Rad1 b6 19. Bb4 c5 20. Bd2 Nc6 21. Bg2 Bxb2 22. Bxh6 Rf7 23. Be3 Nb4 24. Bf1 Kh7 25. Bc4 Rff8 26. Rd7+ Kg6 27. Bb3 Rad8 28. Red1 Bd4 29. Rxd8 Rxd8 30. c3 Nd3 31. cxd4 cxd4 32. Bd2 1-0

[Event "IBCA Wch Blind and Visually imp U22"]
[Site "Solec Zdroj"]
[Date "2018.08.22"]
[Round "8.3"]
[White "Spionkowski, Fabian"]
[Black "Soundarya, Kumar Pradhan"]
[Result "0-1"]
[WhiteElo "1279"]
[BlackElo "1808"]
[PlyCount "82"]
[EventDate "2018.08.14"]
[EventType "swiss"]
[EventRounds "9"]
[EventCountry "POL"]
[SourceTitle "EXT 2024"]
[Source "ChessBase"]
[SourceDate "2023.10.10"]
[SourceVersion "1"]
[SourceVersionDate "2023.10.10"]
[SourceQuality "1"]

1. e4 c6 2. d4 d5 3. exd5 cxd5 4. Bd3 Nc6 5. c3 Qc7 6. Ne2 e6 7. Bf4 Bd6 8. Bxd6 Qxd6 9. Nd2 Nf6 10. Nf3 Rb8 11. b4 0-0 12. b5 Na5 13. Ne5 Nd7 14. Nxd7 Bxd7 15. 0-0 Rbc8 16. Qc2 h6 17. Ng3 Qa3 18. Rfc1 Rc7 19. Qd2 Rfc8 20. Ne2 Nc4 21. Qc2 Bxb5 22. Qb3 Qxb3 23. axb3 Nd6 24. Bxb5 Nxb5 25. h3 a6 26. Ra4 Nxc3 27. Nxc3 Rxc3 28. Rxc3 Rxc3 29. Rb4 b5 30. h4 Rc7 31. g3 Rb7 32. f4 a5 33. Rxb5 Rxb5 34. Kg2 Rxb3 35. Kh3 a4 36. h5 a3 37. Kg2 a2 38. Kh3 a1Q 39. Kg2 Qe1 40. Kh2 Qxg3+ 41. Kh1 Rb1# 0-1

[Event "IBCA Wch Blind and Visually imp U22"]
[Site "Solec Zdroj"]
[Date "2018.08.16"]
[Round "3.3"]
[White "Soundarya, Kumar Pradhan"]
[Black "Ermakov, Maksim"]
[Result "1-0"]
[WhiteElo "1808"]
[BlackElo "1583"]
[PlyCount "81"]
[EventDate "2018.08.14"]
[EventType "swiss"]
[EventRounds "9"]
[EventCountry "POL"]
[SourceTitle "EXT 2024"]
[Source "ChessBase"]
[SourceDate "2023.10.10"]
[SourceVersion "1"]
[SourceVersionDate "2023.10.10"]
[SourceQuality "1"]

1. d4 d5 2. c4 e6 3. Nc3 c6 4. cxd5 exd5 5. Qc2 Bd6 6. Nf3 Nf6 7. Bg5 Be7 8. e3 0-0 9. Bd3 h6 10. Bh4 Nbd7 11. Rb1 Re8 12. b4 a6 13. 0-0 Nf8 14. a4 Nh5 15. Bxe7 Qxe7 16. b5 axb5 17. axb5 Qd6 18. bxc6 bxc6 19. Na4 Ba6 20. Nc5 Bxd3 21. Nxd3 Ra7 22. h3 Nf6 23. Rb6 Rc8 24. Rc1 Rac7 25. Nfe5 N6d7 26. Rxc6 Rxc6 27. Nxc6 Re8 28. Nce5 Nxe5 29. Nxe5 f6 30. Qc6 Qd8 31. Nd3 Re6 32. Qc7 Qe8 33. Nf4 Ra6 34. Nxd5 Qe4 35. Qc4 Qe6 36. Nb4 Qxc4 37. Rxc4 Nd7 38. d5 Nb6 39. Rd4 Nd7 40. d6 Ne5 41. d7 1-0

[Event "IBCA-ol blind 15th"]
[Site "Ohrid"]
[Date "2017.06.21"]
[Round "3.2"]
[White "Pakhomov, Alexey"]
[Black "Soundarya, Kumar Pradhan"]
[Result "1-0"]
[WhiteElo "2350"]
[BlackElo "1741"]
[PlyCount "65"]
[EventDate "2017.06.19"]
[EventType "team-swiss"]
[EventRounds "9"]
[EventCountry "MKD"]
[SourceTitle "CBM 179 Extra"]
[Source "ChessBase"]
[SourceDate "2017.08.23"]
[SourceVersion "1"]
[SourceVersionDate "2017.08.23"]
[SourceQuality "1"]
[WhiteTeam "Russia"]
[BlackTeam "India"]
[WhiteTeamCountry "RUS"]
[BlackTeamCountry "IND"]

1. d4 d6 2. Nf3 Bg4 3. c4 Nc6 4. d5 Bxf3 5. exf3 Ne5 6. Qb3 Qc8 7. Be2 Nf6 8. Nc3 g6 9. Be3 Bg7 10. 0-0 0-0 11. Rac1 c5 12. Qc2 Ned7 13. Rcd1 Ne8 14. Rfe1 Ndf6 15. Bd3 Nc7 16. Bg5 Re8 17. Qd2 Qd7 18. a3 e6 19. dxe6 Nxe6 20. Be3 Red8 21. Bc2 a6 22. a4 b6 23. h3 Rab8 24. f4 Nc7 25. f5 d5 26. cxd5 Ncxd5 27. fxg6 hxg6 28. Nxd5 Qxd5 29. Qe2 Qe5 30. Qxa6 Qxb2 31. Qc4 Nd7 32. Bf4 Bd4 33. Re7 1-0

[Event "Asian-ch IBCA Visually Challenged"]
[Site "Udupi"]
[Date "2017.03.31"]
[Round "8.3"]
[White "Shah, Swapanil"]
[Black "Soundarya, Kumar Pradhan"]
[Result "1/2-1/2"]
[WhiteElo "1705"]
[BlackElo "1669"]
[PlyCount "43"]
[EventDate "2017.03.23"]
[EventType "swiss"]
[EventRounds "8"]
[EventCountry "IND"]
[SourceTitle "EXT 2024"]
[Source "ChessBase"]
[SourceDate "2023.10.10"]
[SourceVersion "1"]
[SourceVersionDate "2023.10.10"]
[SourceQuality "1"]

1. e4 e6 2. d4 d5 3. exd5 exd5 4. Bd3 Bd6 5. Nf3 Ne7 6. 0-0 0-0 7. Re1 Bf5 8. Bg5 f6 9. Bh4 Bxd3 10. Qxd3 Ng6 11. Bg3 c6 12. c3 Bxg3 13. hxg3 Nd7 14. Nbd2 Re8 15. Rxe8+ Qxe8 16. Re1 Qf7 17. Qe3 Kf8 18. Kf1 Re8 19. Qxe8+ Qxe8 20. Rxe8+ Kxe8 21. Nh4 Nxh4 22. gxh4 1/2-1/2

[Event "Asian-ch IBCA Visually Challenged"]
[Site "Udupi"]
[Date "2017.03.29"]
[Round "6.2"]
[White "Soundarya, Kumar Pradhan"]
[Black "Husain, Ejaz"]
[Result "1-0"]
[WhiteElo "1669"]
[BlackElo "2010"]
[PlyCount "99"]
[EventDate "2017.03.23"]
[EventType "swiss"]
[EventRounds "8"]
[EventCountry "IND"]
[SourceTitle "EXT 2024"]
[Source "ChessBase"]
[SourceDate "2023.10.10"]
[SourceVersion "1"]
[SourceVersionDate "2023.10.10"]
[SourceQuality "1"]

1. d4 Nf6 2. c4 e6 3. Nc3 Bb4 4. e3 c5 5. Bd3 Bxc3+ 6. bxc3 d6 7. Nf3 Nc6 8. 0-0 e5 9. d5 Na5 10. e4 h6 11. Nd2 Bd7 12. Re1 0-0 13. Nf1 b6 14. Ne3 Bc8 15. Qf3 g6 16. Rb1 Kh7 17. g3 Ng8 18. g4 Qh4 19. Qg3 Qxg3+ 20. hxg3 Nf6 21. f3 Ba6 22. Kg2 h5 23. Rh1 Kg7 24. gxh5 Nxh5 25. Nf5+ gxf5 26. Rxh5 fxe4 27. Bh6+ Kf6 28. Bxf8 Rxf8 29. fxe4 Bxc4 30. Bxc4 Nxc4 31. Kf2 Nd2 32. Re1 b5 33. Ke3 Nc4+ 34. Ke2 Rg8 35. Rf1+ Ke7 36. Rh7 Rf8 37. g4 a5 38. g5 Ke8 39. Rf6 a4 40. Rh2 a3 41. Rhf2 Nb6 42. g6 Nd7 43. gxf7+ Ke7 44. Re6+ Kd8 45. Rxd6 b4 46. cxb4 cxb4 47. Ra6 Ke7 48. Ra7 Kd6 49. Kd1 Rb8 50. Rxd7+ 1-0

[Event "IBCA Wch blind 13th"]
[Site "Katerini"]
[Date "2014.05.14"]
[Round "9"]
[White "Tonteri, Ari"]
[Black "Soundarya, Kumar Pradhan"]
[Result "1-0"]
[WhiteElo "1930"]
[BlackElo "1769"]
[PlyCount "35"]
[EventDate "2014.05.05"]
[EventType "swiss"]
[EventRounds "9"]
[EventCountry "GRE"]
[SourceTitle "CBM 160 Extra"]
[Source "ChessBase"]
[SourceDate "2014.07.01"]
[SourceVersion "1"]
[SourceVersionDate "2014.07.01"]
[SourceQuality "1"]

1. e4 e6 2. d4 d5 3. Nc3 Bb4 4. e5 c5 5. a3 Bxc3+ 6. bxc3 Qa5 7. Bd2 Qa4 8. Qb1 c4 9. Nf3 Nc6 10. Be2 Nge7 11. 0-0 b5 12. Nh4 Bb7 13. f4 0-0-0 14. Rf2 Rdg8 15. Nf3 g6 16. Be3 Nf5 17. Qc1 h5 18. Ng5 1-0

[Event "IBCA Wch blind 13th"]
[Site "Katerini"]
[Date "2014.05.07"]
[Round "3"]
[White "Soundarya, Kumar Pradhan"]
[Black "Slusnys, Evaldas"]
[Result "1-0"]
[WhiteElo "1769"]
[BlackElo "1946"]
[PlyCount "69"]
[EventDate "2014.05.05"]
[EventType "swiss"]
[EventRounds "9"]
[EventCountry "GRE"]
[SourceTitle "CBM 160 Extra"]
[Source "ChessBase"]
[SourceDate "2014.07.01"]
[SourceVersion "1"]
[SourceVersionDate "2014.07.01"]
[SourceQuality "1"]

1. d4 b6 2. c4 e6 3. Nc3 Bb4 4. Bd2 Bb7 5. Nf3 f5 6. e3 Nf6 7. Bd3 0-0 8. 0-0 Na6 9. a3 Be7 10. b4 c5 11. dxc5 bxc5 12. b5 Nc7 13. a4 Ne4 14. a5 a6 15. Na4 Nxd2 16. Nxd2 axb5 17. Nb6 b4 18. Nxa8 Qxa8 19. f3 d5 20. Qe2 Bf6 21. Ra2 Qa7 22. e4 Bd4+ 23. Kh1 Qa8 24. cxd5 exd5 25. exf5 Re8 26. Qd1 Re3 27. Qc2 Bc6 28. f6 Bxf6 29. Bxh7+ Kh8 30. Bg6 Bc3 31. Nb3 Bb5 32. Qf5 Re5 33. Qh3+ Kg8 34. Rc1 c4 35. Nc5 1-0

[Event "IND AICF-ch blind 10th"]
[Site "Mumbai"]
[Date "2014.03.03"]
[Round "13"]
[White "Kishan, Gangolli"]
[Black "Soundarya, Kumar Pradhan"]
[Result "1-0"]
[WhiteElo "2028"]
[BlackElo "1730"]
[PlyCount "43"]
[EventDate "2014.02.23"]
[EventType "tourn"]
[EventRounds "13"]
[EventCountry "IND"]
[SourceTitle "CBM 159 Extra"]
[Source "ChessBase"]
[SourceDate "2014.04.24"]
[SourceVersion "1"]
[SourceVersionDate "2014.04.24"]
[SourceQuality "1"]

1. d4 Nf6 2. Nf3 e6 3. c4 b6 4. Bg5 Be7 5. Nc3 0-0 6. e4 d6 7. Bd3 Bb7 8. 0-0 c5 9. Qe2 cxd4 10. Nxd4 a6 11. Rad1 Nbd7 12. f4 Qc7 13. Kh1 Rfe8 14. Nf3 Rac8 15. Nd2 h6 16. Bh4 Nxe4 17. Ndxe4 Bxh4 18. Nxd6 e5 19. Nxe8 Rxe8 20. Qg4 Bf6 21. Be4 Bxe4 22. Nxe4 1-0

[Event "IND AICF-ch blind 10th"]
[Site "Mumbai"]
[Date "2014.02.25"]
[Round "4"]
[White "Soundarya, Kumar Pradhan"]
[Black "Makwana, Ashvin K"]
[Result "0-1"]
[WhiteElo "1730"]
[BlackElo "1875"]
[PlyCount "50"]
[EventDate "2014.02.23"]
[EventType "tourn"]
[EventRounds "13"]
[EventCountry "IND"]
[SourceTitle "CBM 159 Extra"]
[Source "ChessBase"]
[SourceDate "2014.04.24"]
[SourceVersion "1"]
[SourceVersionDate "2014.04.24"]
[SourceQuality "1"]

1. d4 g6 2. Nf3 Bg7 3. g3 Nf6 4. Bg2 0-0 5. 0-0 d6 6. c4 c6 7. Nc3 Nbd7 8. Qc2 e5 9. dxe5 Nxe5 10. Nxe5 dxe5 11. Rd1 Qc7 12. b3 Bf5 13. e4 Be6 14. Ba3 Rfd8 15. Na4 b6 16. Bb2 h5 17. h4 Bg4 18. f3 Be6 19. Kh2 Nh7 20. Bh3 Bxh3 21. Kxh3 Qe7 22. Nc3 Nf8 23. Rxd8 Rxd8 24. Rd1 Rd4 25. Ne2 Qd7+ 0-1

[Event "Bhubaneswar KIIT Cup blind"]
[Site "Bhubaneswar"]
[Date "2013.01.28"]
[Round "6"]
[White "Shashidhar, KM."]
[Black "Soundarya, Kumar Pradhan"]
[Result "1-0"]
[WhiteElo "1593"]
[BlackElo "1572"]
[PlyCount "94"]
[EventDate "2013.01.25"]
[EventType "tourn"]
[EventRounds "13"]
[EventCountry "IND"]
[SourceTitle "EXT 2015"]
[Source "ChessBase"]
[SourceDate "2014.11.20"]
[SourceVersion "1"]
[SourceVersionDate "2014.11.20"]
[SourceQuality "1"]

1. e4 e6 2. Nf3 d5 3. exd5 exd5 4. d4 Bd6 5. Bd3 Qe7+ 6. Be3 Bf4 7. Qe2 Bxe3 8. Qxe3 Qxe3+ 9. fxe3 f5 10. Nc3 Nf6 11. h3 b6 12. 0-0-0 g6 13. Rhf1 c6 14. Ng5 Ne4 15. Bxe4 dxe4 16. h4 h6 17. Nh3 Be6 18. Nf4 Kf7 19. d5 cxd5 20. Nxe6 Kxe6 21. Rxd5 Nc6 22. Rfd1 Rhd8 23. Rxd8 Rxd8 24. Rxd8 Nxd8 25. Nb5 Nc6 26. c3 Kd5 27. Kd2 Kc5 28. Nc7 Ne5 29. b3 a5 30. Ne6+ Kd6 31. Nd4 Ng4 32. a4 Ne5 33. h5 gxh5 34. Nxf5+ Ke6 35. Ng3 h4 36. Nxe4 Kf5 37. Nf2 Ng4 38. Nxg4 Kxg4 39. Ke2 h5 40. b4 Kg3 41. Kf1 h3 42. gxh3 Kxh3 43. bxa5 bxa5 44. c4 Kg4 45. Kg2 Kf5 46. Kg3 Ke5 47. Kh4 Kd6 1-0